Catálogo
 En Linea

Diccionario Espasa Cine Español / (Registro nro. 42864)

Detalles MARC
000 -CABECERA
campo de control de longitud fija 00488nam a2200157 a 4500
001 - NÚMERO DE CONTROL
campo de control 000043375
005 - FECHA Y HORA DE LA ÚLTIMA TRANSACCIÓN
campo de control 20201002040846.0
008 - DATOS DE LONGITUD FIJA--INFORMACIÓN GENERAL
campo de control de longitud fija 140312s1996 sp ac 001 0 spa d
020 ## - NÚMERO INTERNACIONAL ESTÁNDAR DEL LIBRO
Número Internacional Estándar del Libro 8423992411
040 ## - FUENTE DE LA CATALOGACIÓN
Centro catalogador/agencia de origen DO-SdBNP
Lengua de catalogación spa
Centro/agencia transcriptor BNPHU
100 1# - ENTRADA PRINCIPAL--NOMBRE DE PERSONA
Nombre de persona Torres, Augusto M.
9 (RLIN) 70962
245 10 - MENCIÓN DE TÍTULO
Título Diccionario Espasa Cine Español /
Mención de responsabilidad, etc. Augusto M. Torres; prólogo de Manuel Gutiérrez Aragón.
250 ## - MENCIÓN DE EDICIÓN
Mención de edición 2a. ed.
260 ## - PUBLICACIÓN, DISTRIBUCIÓN, ETC.
Lugar de publicación, distribución, etc. Madrid :
Nombre del editor, distribuidor, etc. Espasa,
Fecha de publicación, distribución, etc. 1996.
300 ## - DESCRIPCIÓN FÍSICA
Extensión 548 p. :
Otras características físicas il., retrs. ;
Dimensiones 18 cm.
Existencias
Estado de retiro Estado de pérdida Restricciones de uso No para préstamo Código de colección Localización permanente Ubicación/localización actual Ubicación en estantería Fecha de adquisición Número de inventario Total de préstamos Signatura topográfica completa Código de barras Fecha visto por última vez Precio válido a partir de Tipo de ítem Koha
        Monografías: Libros y Folletos General General Orden iniciada 12.03.2014 LF1   43375-10 25.06.2020 25.06.2020 No se presta

Con tecnología Koha